[Event "Myriam Roy FIDE"]
[Site "Montreal CAN"]
[Date "2006.07.23"]
[Round "5"]
[White "Tremblay, Alain"]
[Black "Sullivan, Neil"]
[Result "1/2-1/2"]
[WhiteElo "2073"]
[BlackElo "2123"]
[PlyCount "38"]
[EventDate "2006.07.01"]
[EventType "tourn"]
[EventRounds "9"]
[EventCountry "CAN"]

1. d4 d5 2. Nf3 Nf6 3. c4 e6 4. Nc3 Be7 5. Bf4 O-O 6. e3 b6 7. Bd3 Bb7 8. O-O
Nbd7 9. Rc1 dxc4 10. Bxc4 c5 11. dxc5 Nxc5 12. Qe2 Nd5 13. Nxd5 exd5 14. Rfd1
Rc8 15. a3 Bf6 16. Ba2 Re8 17. Rd2 Ne6 18. Rxc8 Qxc8 19. Qd1 Nxf4 1/2-1/2

[Event "Myriam Roy FIDE"]
[Site "Montreal CAN"]
[Date "2006.07.23"]
[Round "6"]
[White "Laurain, Guy"]
[Black "Libersan, Thierry"]
[Result "1/2-1/2"]
[WhiteElo "2187"]
[BlackElo "1930"]
[PlyCount "101"]
[EventDate "2006.07.01"]
[EventType "tourn"]
[EventRounds "9"]
[EventCountry "CAN"]

1. e4 c5 2. c3 d5 3. exd5 Qxd5 4. d4 Nf6 5. Nf3 cxd4 6. cxd4 e6 7. a3 a6 8. Nc3
Qd6 9. Bd3 Nbd7 10. O-O Be7 11. Bg5 O-O 12. Qe2 h6 13. Bh4 Re8 14. Bg3 Qb6 15.
Rac1 Nh5 16. Be5 Nxe5 17. Qxe5 Nf6 18. b4 Bd6 19. Na4 Qd8 20. Qe2 Bd7 21. Nc5
Bc6 22. Ne5 Bd5 23. Rfd1 Qe7 24. Bb1 a5 25. b5 Rac8 26. a4 Bxc5 27. dxc5 Rxc5
28. Nd3 Rcc8 29. Qd2 b6 30. Qe3 Qb7 31. Ne5 Bxg2 32. f3 Bh3 33. Nc6 Bf5 34.
Bxf5 exf5 35. Ne7+ Kh7 36. Rxc8 Qxc8 37. Nxc8 Rxe3 38. Nxb6 Rxf3 39. Rf1 Ra3
40. Rxf5 Kg6 41. Rf4 Kg5 42. Rd4 Ng4 43. Nd5 Ne5 44. Kf2 Nd3+ 45. Ke2 Nc5 46.
Nb6 f5 47. h4+ Kf6 48. Rc4 Ra2+ 49. Ke3 Ne4 50. Rc6+ Ke5 51. Nc4+ 1/2-1/2

[Event "Myriam Roy FIDE"]
[Site "Montreal CAN"]
[Date "2006.07.23"]
[Round "6"]
[White "Le Duin, Thierry"]
[Black "Roy, Myriam"]
[Result "1-0"]
[WhiteElo "2053"]
[BlackElo "1800"]
[PlyCount "55"]
[EventDate "2006.07.01"]
[EventType "tourn"]
[EventRounds "9"]
[EventCountry "CAN"]

1. d4 d5 2. Nf3 e6 3. c3 c5 4. Bg5 Nf6 5. e3 Nc6 6. Nbd2 Be7 7. Bd3 h6 8. Bh4
O-O 9. Ne5 Nxe5 10. dxe5 Nd7 11. Bxe7 Qxe7 12. f4 f6 13. exf6 Nxf6 14. Nf3 b6
15. Ne5 Qc7 16. Qc2 Bb7 17. O-O-O c4 18. Bg6 a5 19. Rhg1 a4 20. a3 Qc5 21. Rd4
Qe7 22. g4 Ne4 23. Bxe4 dxe4 24. g5 hxg5 25. Rd7 Qc5 26. Rxg5 Qxe3+ 27. Qd2
Qxd2+ 28. Kxd2 1-0

[Event "Myriam Roy FIDE"]
[Site "Montreal CAN"]
[Date "2006.07.23"]
[Round "6"]
[White "Sullivan, Neil"]
[Black "Masse, Hugues"]
[Result "0-1"]
[WhiteElo "2123"]
[BlackElo "2178"]
[PlyCount "56"]
[EventDate "2006.07.01"]
[EventType "tourn"]
[EventRounds "9"]
[EventCountry "CAN"]

1. e4 c5 2. Nc3 d6 3. d3 g6 4. g3 Bg7 5. Bg2 Nc6 6. Be3 Nd4 7. Qd2 Qa5 8. f4 e6
9. Nf3 Ne7 10. O-O Nec6 11. Rf2 O-O 12. Nd1 Qa6 13. c3 Nb3 14. axb3 Qxa1 15. g4
f5 16. exf5 gxf5 17. gxf5 exf5 18. Ng5 Ne7 19. d4 h6 20. dxc5 hxg5 21. cxd6 Rd8
22. dxe7 Qxd1+ 23. Bf1 Qxd2 24. Rxd2 Re8 25. Bc4+ Kh7 26. Bc5 Bf6 27. fxg5 Bxe7
28. g6+ Kg7 0-1

[Event "Myriam Roy FIDE"]
[Site "Montreal CAN"]
[Date "2006.07.26"]
[Round "7"]
[White "Libersan, Thierry"]
[Black "Trinh, Tri Bao"]
[Result "1-0"]
[WhiteElo "1930"]
[BlackElo "2046"]
[PlyCount "81"]
[EventDate "2006.07.01"]
[EventType "tourn"]
[EventRounds "9"]
[EventCountry "CAN"]

1. e4 c5 2. Nf3 d6 3. d4 cxd4 4. Nxd4 Nf6 5. Nc3 a6 6. Be3 e6 7. Qd2 Be7 8. f3
O-O 9. g4 Nc6 10. O-O-O Nxd4 11. Bxd4 b5 12. g5 Nd7 13. h4 Ne5 14. Be2 Qc7 15.
h5 b4 16. Na4 Rb8 17. b3 Qa5 18. f4 Nc6 19. Bb2 Bd7 20. Rhg1 Nd8 21. Qd4 f6 22.
gxf6 Rxf6 23. e5 Rf7 24. exd6 Bf6 25. Qxf6 Rxf6 26. Bxf6 Kf7 27. Be5 Nc6 28.
Rxg7+ Ke8 29. Bb2 Qf5 30. Rdg1 Qxf4+ 31. Kb1 Kd8 32. Nc5 Qxd6 33. Rxd7+ Qxd7
34. Nxd7 Kxd7 35. Rg7+ Kd6 36. Rxh7 a5 37. h6 Rf8 38. Rg7 Rf2 39. h7 Rh2 40.
Bf6 a4 41. bxa4 1-0

[Event "Myriam Roy FIDE"]
[Site "Montreal CAN"]
[Date "2006.07.26"]
[Round "7"]
[White "Masse, Hugues"]
[Black "Laurain, Guy"]
[Result "0-1"]
[WhiteElo "2178"]
[BlackElo "2187"]
[PlyCount "92"]
[EventDate "2006.07.01"]
[EventType "tourn"]
[EventRounds "9"]
[EventCountry "CAN"]

1. d4 g6 2. c4 Nf6 3. Nc3 Bg7 4. e4 d6 5. Nf3 O-O 6. Be2 e5 7. Be3 exd4 8. Nxd4
Re8 9. f3 a6 10. O-O Nbd7 11. Qd2 Ne5 12. Rfd1 c6 13. Bg5 b5 14. cxb5 axb5 15.
a3 Qb6 16. Kh1 Nfd7 17. Bh6 Bxh6 18. Qxh6 b4 19. axb4 Rxa1 20. Rxa1 Qxd4 21. f4
Nd3 22. Bxd3 Qxd3 23. f5 Nf6 24. h3 Nh5 25. Rd1 Qg3 26. Rf1 Qe5 27. Rf3 d5 28.
exd5 cxd5 29. g4 Nf6 30. fxg6 hxg6 31. Qf4 Qxf4 32. Rxf4 Kg7 33. Kg1 Rd8 34.
Rd4 g5 35. Kf2 Be6 36. b5 Rb8 37. Rb4 Nd7 38. Ne2 Nc5 39. Ke3 Rh8 40. Kd4 Nb7
41. Rb3 Rc8 42. Rc3 Ra8 43. Rc7 Ra4+ 44. Kd3 Nd6 45. Nd4 Rxd4+ 46. Kxd4 Nxb5+
0-1

[Event "Myriam Roy FIDE"]
[Site "Montreal CAN"]
[Date "2006.07.26"]
[Round "7"]
[White "Roy, Myriam"]
[Black "Tremblay, Alain"]
[Result "1/2-1/2"]
[WhiteElo "1800"]
[BlackElo "2073"]
[PlyCount "71"]
[EventDate "2006.07.01"]
[EventType "tourn"]
[EventRounds "9"]
[EventCountry "CAN"]

1. e4 d6 2. d4 g6 3. Nf3 Nf6 4. Nc3 Bg7 5. Bc4 O-O 6. O-O Nxe4 7. Nxe4 d5 8.
Bd3 dxe4 9. Bxe4 Nc6 10. c3 a5 11. Bf4 a4 12. Bc2 b5 13. Be4 Ra6 14. Qe2 Rb6
15. d5 Na5 16. Be3 Rb8 17. d6 c6 18. dxe7 Qxe7 19. Bf4 Rb7 20. Rfe1 Re8 21.
Rad1 Rd7 22. Rxd7 Bxd7 23. Kf1 a3 24. bxa3 Bxc3 25. Bd2 Bxd2 26. Qxd2 Nc4 27.
Qd3 Qd6 28. Qxd6 Nxd6 29. Bc2 Ra8 30. Bb3 Bf5 31. Rc1 Bd3+ 32. Ke1 Bc4 33. Nd2
Re8+ 34. Kd1 Rd8 35. Ke1 Re8+ 36. Kd1 1/2-1/2

[Event "Myriam Roy FIDE"]
[Site "Montreal CAN"]
[Date "2006.08.02"]
[Round "8"]
[White "Le Duin, Thierry"]
[Black "Libersan, Thierry"]
[Result "0-1"]
[WhiteElo "2053"]
[BlackElo "1930"]
[PlyCount "98"]
[EventDate "2006.07.01"]
[EventType "tourn"]
[EventRounds "9"]
[EventCountry "CAN"]

1. d4 c5 2. d5 e6 3. c4 exd5 4. cxd5 Nf6 5. Nc3 d6 6. e4 a6 7. a4 g6 8. Bc4 Bg7
9. Nge2 O-O 10. O-O Re8 11. Ng3 Nbd7 12. f4 h5 13. Bd3 Ng4 14. Nge2 c4 15. Bxc4
Qb6+ 16. Kh1 Nf2+ 17. Rxf2 Qxf2 18. Bd3 Nc5 19. Bc2 Bg4 20. Qg1 Qxg1+ 21. Nxg1
Bxc3 22. bxc3 Nxe4 23. h3 Bf5 24. Bb3 Nc5 25. Bc4 Re4 26. Be2 Rxa4 27. Rxa4
Nxa4 28. c4 Nc5 29. g4 hxg4 30. hxg4 Bd3 31. Bf3 Bxc4 32. f5 gxf5 33. gxf5 b5
34. Bf4 Nb7 35. Ne2 Bxe2 36. Bxe2 b4 37. Bd1 a5 38. Ba4 Nc5 39. Bc6 b3 40. Bxa8
b2 41. Bxd6 b1=Q+ 42. Kg2 Qe4+ 43. Kg1 Qg4+ 44. Kh2 Ne4 45. Bc7 a4 46. Kh1 a3
47. Be5 a2 48. d6 a1=R+ 49. Bxa1 Qh3+ 0-1

[Event "Myriam Roy FIDE"]
[Site "Montreal CAN"]
[Date "2006.08.02"]
[Round "8"]
[White "Sullivan, Neil"]
[Black "Laurain, Guy"]
[Result "1-0"]
[WhiteElo "2123"]
[BlackElo "2187"]
[PlyCount "81"]
[EventDate "2006.07.01"]
[EventType "tourn"]
[EventRounds "9"]
[EventCountry "CAN"]

1. e4 c5 2. Nc3 Nc6 3. g3 d6 4. Bg2 e5 5. d3 Be7 6. f4 Nf6 7. Nf3 Bg4 8. Be3
Nd4 9. O-O O-O 10. fxe5 dxe5 11. Qd2 Qd6 12. b3 Rac8 13. Nh4 Be6 14. Nf5 Nxf5
15. exf5 Bd5 16. Bg5 Bxg2 17. Kxg2 Qc6+ 18. Kh3 Rfd8 19. Qg2 Qd7 20. Rae1 h6
21. Bxf6 Bxf6 22. Ne4 Be7 23. Qf3 b5 24. Nd2 Bg5 25. Ne4 Be7 26. Rd1 Rc6 27.
Kg2 Ra6 28. f6 gxf6 29. Qh5 Kg7 30. Rf2 Rc8 31. Rdf1 Rcc6 32. g4 Rxa2 33. g5
fxg5 34. Rxf7+ Kg8 35. R1f2 Qd8 36. h4 Raa6 37. hxg5 Rg6 38. Qf3 hxg5 39. Qf5
Rae6 40. Kf1 Qd5 41. Rf8+ 1-0

[Event "Myriam Roy FIDE"]
[Site "Montreal CAN"]
[Date "2006.08.02"]
[Round "8"]
[White "Trinh, Tri Bao"]
[Black "Masse, Hugues"]
[Result "1/2-1/2"]
[WhiteElo "2046"]
[BlackElo "2178"]
[PlyCount "39"]
[EventDate "2006.07.01"]
[EventType "tourn"]
[EventRounds "9"]
[EventCountry "CAN"]

1. c4 Nf6 2. Nc3 d5 3. cxd5 Nxd5 4. g3 g6 5. Bg2 Nxc3 6. bxc3 Bg7 7. Rb1 Nd7 8.
Nf3 O-O 9. O-O c5 10. c4 Qc7 11. Bb2 e5 12. d3 Rb8 13. Ne1 b6 14. Nc2 Bb7 15.
Bxb7 Qxb7 16. Ne3 Rfe8 17. f3 Nf6 18. Bc3 Rbd8 19. Qc2 Bh6 20. Ng2 1/2-1/2

[Event "Myriam Roy FIDE"]
[Site "Montreal CAN"]
[Date "2006.08.06"]
[Round "9"]
[White "Laurain, Guy"]
[Black "Trinh, Tri Bao"]
[Result "1/2-1/2"]
[WhiteElo "2187"]
[BlackElo "2046"]
[PlyCount "116"]
[EventDate "2006.07.01"]
[EventType "tourn"]
[EventRounds "9"]
[EventCountry "CAN"]

1. e4 c5 2. Nf3 d6 3. d4 cxd4 4. Nxd4 Nf6 5. Nc3 a6 6. Be2 e6 7. O-O Be7 8. Kh1
b5 9. Bf3 e5 10. Nf5 g6 11. Nxe7 Qxe7 12. Bh6 Be6 13. Bg7 Rg8 14. Bxf6 Qxf6 15.
Qxd6 Nd7 16. Rad1 Qe7 17. Qc6 Qd8 18. Nd5 Ra7 19. Qd6 Bxd5 20. Rxd5 Qe7 21.
Qxe7+ Kxe7 22. Rfd1 f6 23. Bg4 Nb6 24. Rd6 Rb8 25. Re6+ Kf7 26. Rc6 Nc4 27. b3
Rb6 28. Rxb6 Nxb6 29. Rd6 Rb7 30. g3 a5 31. Be2 b4 32. Ba6 Rb8 33. Rc6 Nd7 34.
Bc4+ Ke7 35. Re6+ Kd8 36. f3 Rb6 37. Kg2 Rxe6 38. Bxe6 Nb8 39. Bd5 Ke7 40. Kf2
Kd6 41. Ke3 Kc5 42. Kd3 Nd7 43. Be6 Nb8 44. c3 Nc6 45. Bd5 Ne7 46. cxb4+ axb4
47. Bf7 Nc6 48. h4 Nd4 49. f4 Nf3 50. Ke3 Ne1 51. fxe5 fxe5 52. Bg8 h6 53. Bf7
g5 54. hxg5 hxg5 55. Bh5 Nc2+ 56. Kd3 Nd4 57. Bf7 Kb5 58. Be8+ Kc5 1/2-1/2

[Event "Myriam Roy FIDE"]
[Site "Montreal CAN"]
[Date "2006.08.06"]
[Round "9"]
[White "Libersan, Thierry"]
[Black "Tremblay, Alain"]
[Result "0-1"]
[WhiteElo "1930"]
[BlackElo "2073"]
[PlyCount "74"]
[EventDate "2006.07.01"]
[EventType "tourn"]
[EventRounds "9"]
[EventCountry "CAN"]

1. d4 d5 2. c4 c6 3. Nc3 Nf6 4. Nf3 dxc4 5. a4 Na6 6. e4 Bg4 7. e5 Nd7 8. Bxc4
e6 9. O-O Be7 10. h3 Bh5 11. Qe2 Nb4 12. a5 b5 13. axb6 axb6 14. Bf4 O-O 15. g4
Bg6 16. Ne4 b5 17. Bb3 Qb6 18. Rad1 Rad8 19. Bg3 c5 20. dxc5 Nxc5 21. Nxc5 Bxc5
22. Rxd8 Rxd8 23. Rd1 Rxd1+ 24. Qxd1 Nd3 25. Qe2 Qc6 26. Ne1 Nc1 27. Qd1 Nxb3
28. Qxb3 Qe4 29. Ng2 b4 30. Qd1 Bd4 31. Kh2 h6 32. f3 Qd3 33. Qe1 Qxf3 34. Nh4
Qb3 35. Nxg6 fxg6 36. h4 Qxb2+ 37. Kh3 Qc3 0-1

[Event "Myriam Roy FIDE"]
[Site "Montreal CAN"]
[Date "2006.08.06"]
[Round "9"]
[White "Masse, Hugues"]
[Black "Le Duin, Thierry"]
[Result "0-1"]
[WhiteElo "2132"]
[BlackElo "2053"]
[PlyCount "98"]
[EventDate "2006.07.01"]
[EventType "tourn"]
[EventRounds "9"]
[EventCountry "CAN"]

1. d4 Nf6 2. c4 c5 3. d5 b5 4. cxb5 a6 5. f3 d6 6. e4 g6 7. Na3 Bg7 8. Ne2 Nbd7
9. Nc3 Nb6 10. Be2 O-O 11. O-O Ne8 12. Bg5 Nc7 13. Qd2 axb5 14. Naxb5 Nxb5 15.
Nxb5 Na4 16. Nc3 Bd4+ 17. Kh1 Bd7 18. Rab1 Re8 19. Nxa4 Rxa4 20. b4 Qa8 21.
bxc5 dxc5 22. Rfc1 Rxa2 23. Rc2 Ra3 24. Bc4 e6 25. Qf4 Qa4 26. dxe6 Bxe6 27.
Bxe6 Rxe6 28. Qd2 Re8 29. h3 Ra8 30. Bf4 Qa6 31. Rbc1 Qf6 32. Bg5 Qe6 33. Bf4
f6 34. Qe2 g5 35. Bg3 Ra1 36. Qd2 Qb3 37. Kh2 Rxc1 38. Rxc1 Ra2 39. Qe1 Qxf3
40. Qf1 Qxf1 41. Rxf1 Re2 42. e5 fxe5 43. Rf5 h6 44. Rf6 Kg7 45. Rc6 e4 46. Bc7
e3 47. Kg3 Rf2 48. Ba5 Be5+ 49. Kg4 Rf4+ 0-1

[Event "Myriam Roy FIDE"]
[Site "Montreal CAN"]
[Date "2006.08.06"]
[Round "9"]
[White "Roy, Myriam"]
[Black "Sullivan, Neil"]
[Result "1-0"]
[WhiteElo "1800"]
[BlackElo "2123"]
[PlyCount "87"]
[EventDate "2006.07.01"]
[EventType "tourn"]
[EventRounds "9"]
[EventCountry "CAN"]

1. e4 c5 2. Nf3 Nc6 3. d4 cxd4 4. Nxd4 g6 5. Nc3 Bg7 6. Be3 Nf6 7. Nb3 O-O 8.
Be2 d6 9. O-O b6 10. f4 Qd7 11. h3 Bb7 12. Bf3 Rac8 13. Qd2 Rfd8 14. Rad1 Qc7
15. Nd5 Nxd5 16. exd5 Nb8 17. c3 Nd7 18. Bg4 Rb8 19. Nd4 a6 20. Bxd7 Rxd7 21.
Ne2 a5 22. f5 Ba6 23. fxg6 hxg6 24. Rf2 Rdd8 25. Nd4 Rf8 26. Bh6 Bc8 27. Bxg7
Kxg7 28. Re1 Rb7 29. Nc6 e5 30. b4 Bd7 31. b5 Bxc6 32. bxc6 Rbb8 33. c4 b5 34.
cxb5 Rxb5 35. Qd3 Rfb8 36. Ref1 Qb6 37. Kh2 Rf8 38. Rf6 Qc5 39. Qf3 Qxd5 40.
Rxg6+ Kxg6 41. Qf6+ Kh7 42. Rf5 Qd1 43. Rg5 Rg8 44. Qxf7+ 1-0

[Event "Myriam Roy op"]
[Site "Varennes CAN"]
[Date "2006.11.03"]
[Round "1"]
[White "Archambault, Serge"]
[Black "Roy, Myriam"]
[Result "1/2-1/2"]
[WhiteElo "1771"]
[BlackElo "1903"]
[PlyCount "123"]
[EventDate "2006.11.05"]
[EventType "swiss"]
[EventRounds "5"]
[EventCountry "CAN"]

1. d4 d5 2. c4 e6 3. Nc3 Nf6 4. Bg5 c5 5. cxd5 exd5 6. Nf3 Be6 7. e3 Nc6 8. Bb5
Rc8 9. O-O a6 10. Ba4 b5 11. Bc2 Nb4 12. Rc1 Nxc2 13. Rxc2 Be7 14. dxc5 Rxc5
15. Ne2 Rxc2 16. Qxc2 O-O 17. Ned4 Qc8 18. Rc1 Qxc2 19. Rxc2 Rc8 20. Nc6 Bd6
21. Bxf6 gxf6 22. Ncd4 Rxc2 23. Nxc2 Kf8 24. b3 Ke7 25. Nfd4 Bc5 26. b4 Bb6 27.
Kf1 Kd6 28. Ke2 Bd7 29. h3 a5 30. a3 axb4 31. axb4 h6 32. Kd3 Ke5 33. f4+ Kd6
34. Na3 Bxd4 35. Kxd4 f5 36. Nb1 Be8 37. Nc3 Bc6 38. Ne2 Bd7 39. Kd3 f6 40. Nd4
Ke7 41. Ke2 Kf7 42. Nb3 Bc6 43. Nc5 d4 44. g3 dxe3 45. Kxe3 Ke7 46. Kd4 Kd6 47.
Nd3 Bg2 48. h4 h5 49. Nf2 Ba8 50. Nd1 Bb7 51. Ne3 Be4 52. Nd1 Bf3 53. Nf2 Bd5
54. Nd3 Bc6 55. Nc1 Be4 56. Ne2 Bf3 57. Nc3 Kc6 58. Ke3 Bg2 59. g4 fxg4 60. f5
Bf3 61. Kf4 Kb6 62. Kg3 1/2-1/2

[Event "Myriam Roy op"]
[Site "Varennes CAN"]
[Date "2006.11.04"]
[Round "2"]
[White "Libersan, Thierry"]
[Black "Archambault, Serge"]
[Result "1-0"]
[WhiteElo "2093"]
[BlackElo "1771"]
[PlyCount "87"]
[EventDate "2006.11.05"]
[EventType "swiss"]
[EventRounds "5"]
[EventCountry "CAN"]

1. e4 c5 2. Nf3 Nc6 3. d4 cxd4 4. Nxd4 e5 5. Nb5 d6 6. N1c3 a6 7. Na3 Nf6 8.
Bg5 Be7 9. Bxf6 Bxf6 10. Nc4 Nd4 11. Nd5 b5 12. Ncb6 Rb8 13. Nxc8 Rxc8 14. c3
Nc6 15. a4 Rb8 16. axb5 axb5 17. b4 O-O 18. Be2 Rb7 19. O-O Ne7 20. Ra5 Qd7 21.
Nxe7+ Bxe7 22. Qd5 Rfb8 23. Rd1 Qe6 24. Rxb5 Qc8 25. Rxb7 Qxb7 26. Bc4 Qxd5 27.
Bxd5 Kf8 28. Ra1 Ke8 29. Ra7 f6 30. g3 h6 31. Kf1 g6 32. Ke2 f5 33. f3 fxe4 34.
fxe4 h5 35. Kd3 g5 36. h3 h4 37. gxh4 gxh4 38. b5 Kd8 39. Bc6 Bf8 40. Kc4 Rb6
41. Kd5 Rb8 42. Rd7+ Kc8 43. Rh7 Kd8 44. Ke6 1-0

[Event "Myriam Roy op"]
[Site "Varennes CAN"]
[Date "2006.11.04"]
[Round "3"]
[White "Archambault, Serge"]
[Black "Desjardins, Michel"]
[Result "1/2-1/2"]
[WhiteElo "1771"]
[BlackElo "1878"]
[PlyCount "107"]
[EventDate "2006.11.05"]
[EventType "swiss"]
[EventRounds "5"]
[EventCountry "CAN"]

1. d4 d5 2. c4 c6 3. cxd5 cxd5 4. Nc3 Nf6 5. Bg5 Ne4 6. Nf3 Nxg5 7. Nxg5 Nc6 8.
e3 e6 9. Nf3 Bd6 10. Rc1 O-O 11. Bd3 Nb4 12. Bb1 Bd7 13. a3 Nc6 14. O-O Rc8 15.
Re1 Na5 16. e4 Bf4 17. Rc2 dxe4 18. Rxe4 Qf6 19. Ne5 Bxe5 20. dxe5 Qe7 21. Qh5
Rc4 22. Rxc4 Nxc4 23. Ne4 Nb6 24. Rc7 g6 25. Qh6 Nd5 26. Nf6+ Nxf6 27. exf6
Qxf6 28. Rxd7 Qxb2 29. Rd1 Qxa3 30. g3 b5 31. h4 Qb3 32. Rc1 Rd8 33. Bc2 Qf3
34. Qg5 Rc8 35. Qxb5 Rxc2 36. Rxc2 Qd1+ 37. Kg2 Qxc2 38. Qb8+ Kg7 39. Qxa7 Qe4+
40. Kg1 e5 41. Qe7 Qf5 42. Qd6 Qf6 43. Qd5 Qe7 44. Kg2 f5 45. Qf3 Qf6 46. Kh3
Qe6 47. Kg2 Qd7 48. Qe3 Qe7 49. Kh3 h6 50. Qf3 Kf6 51. Qe3 g5 52. Qb6+ Kg7 53.
hxg5 hxg5 54. Kg2 1/2-1/2

[Event "Myriam Roy op"]
[Site "Varennes CAN"]
[Date "2006.11.05"]
[Round "4"]
[White "Bowles, Charles"]
[Black "Archambault, Serge"]
[Result "0-1"]
[WhiteElo "1591"]
[BlackElo "1771"]
[PlyCount "56"]
[EventDate "2006.11.05"]
[EventType "swiss"]
[EventRounds "5"]
[EventCountry "CAN"]

1. e4 c5 2. Nf3 Nc6 3. d4 cxd4 4. Nxd4 e5 5. Nb3 Nf6 6. Nc3 Be7 7. Bg5 O-O 8.
Qd2 h6 9. Be3 d6 10. f3 Be6 11. Nd5 Rc8 12. O-O-O Ne8 13. Kb1 Bg5 14. f4 exf4
15. Nxf4 Bg4 16. Be2 Bxe2 17. Qxe2 Qe7 18. h4 Bxf4 19. Bxf4 Ne5 20. Nd4 Nc4 21.
Bxh6 gxh6 22. Qg4+ Ng7 23. Nf5 Qf6 24. c3 Kh7 25. Rh3 Nxf5 26. exf5 Ne5 27. Qf4
Rg8 28. Rhd3 Nxd3 0-1

[Event "Myriam Roy op"]
[Site "Varennes CAN"]
[Date "2006.11.05"]
[Round "5"]
[White "Thibault, Mario"]
[Black "Archambault, Serge"]
[Result "1/2-1/2"]
[WhiteElo "1664"]
[BlackElo "1771"]
[PlyCount "82"]
[EventDate "2006.11.05"]
[EventType "swiss"]
[EventRounds "5"]
[EventCountry "CAN"]

1. Nf3 c5 2. b3 e6 3. Bb2 Nc6 4. e3 Nf6 5. c4 g6 6. Be2 Bg7 7. O-O O-O 8. d3 d5
9. cxd5 exd5 10. Ne5 Nxe5 11. Bxe5 Qe7 12. d4 Ne4 13. Bxg7 Kxg7 14. dxc5 Qxc5
15. Bf3 Be6 16. Nd2 f5 17. Rc1 Qa5 18. Nxe4 dxe4 19. Qd4+ Kg8 20. Be2 Rad8 21.
Qb2 Rd2 22. Rc2 Rfd8 23. Rxd2 Rxd2 24. Qf6 Bf7 25. Rc1 Rd8 26. g3 Rf8 27. Qd4
b5 28. Kg2 a6 29. Qb2 Qb6 30. Rc2 Rd8 31. Qc1 Rd6 32. Rc8+ Kg7 33. Qc3+ Rf6 34.
Qb4 Qd6 35. Qc3 g5 36. a4 f4 37. exf4 gxf4 38. gxf4 Qxf4 39. Qe3 Qxe3 40. fxe3
Bxb3 41. axb5 axb5 1/2-1/2

[Event "National Capital op"]
[Site "Ottawa CAN"]
[Date "2006.10.21"]
[Round "2"]
[White "Gordon, David"]
[Black "Pacey, Kevin"]
[Result "1/2-1/2"]
[WhiteElo "2137"]
[BlackElo "2137"]
[PlyCount "66"]
[EventDate "2006.10.21"]
[EventType "swiss"]
[EventRounds "5"]
[EventCountry "CAN"]

1. d4 c6 2. Nf3 d5 3. Bg5 Nf6 4. Bxf6 gxf6 5. e3 Qb6 6. b3 Bg4 7. Be2 c5 8.
dxc5 Qxc5 9. Qd4 Qxd4 10. Nxd4 Bxe2 11. Kxe2 Nc6 12. Nxc6 bxc6 13. c4 dxc4 14.
bxc4 Rg8 15. g3 Rg5 16. Nd2 Ra5 17. Rhb1 Ra4 18. Rb2 f5 19. Rab1 Bg7 20. Rb8+
Rxb8 21. Rxb8+ Kd7 22. Rb7+ Ke6 23. Nb3 Rxa2+ 24. Kf3 Bc3 25. Nc5+ Kf6 26. Rc7
a5 27. Rxc6+ Kg7 28. Ra6 Bb4 29. Nd3 Ra3 30. Nxb4 axb4 31. Rb6 b3 32. c5 Ra5
33. Rxb3 Rxc5 1/2-1/2

[Event "National Capital op"]
[Site "Ottawa CAN"]
[Date "2006.10.21"]
[Round "3"]
[White "Pacey, Kevin"]
[Black "Mai, Lloyd"]
[Result "1/2-1/2"]
[WhiteElo "2137"]
[BlackElo "2186"]
[PlyCount "68"]
[EventDate "2006.10.21"]
[EventType "swiss"]
[EventRounds "5"]
[EventCountry "CAN"]

1. d4 Nf6 2. Nc3 g6 3. e4 d6 4. f4 Bg7 5. Nf3 O-O 6. e5 dxe5 7. dxe5 Qxd1+ 8.
Kxd1 Ng4 9. Ke1 c6 10. h3 Nh6 11. g4 Nd7 12. a4 f6 13. exf6 exf6 14. Kf2 f5 15.
g5 Nf7 16. Bc4 Re8 17. Be3 Nb6 18. Bxf7+ Kxf7 19. Bd4 Bxd4+ 20. Nxd4 Nc4 21. b3
Nd2 22. Nf3 Nxf3 23. Kxf3 Be6 24. Rad1 Rad8 25. Rhe1 a5 26. Kf2 b6 27. Rxd8
Rxd8 28. Rd1 Rxd1 29. Nxd1 Ke7 30. Ke3 Kd6 31. Nb2 Bf7 32. h4 Kc5 33. Nd3+ Kd5
34. Ne5 Be8 1/2-1/2

[Event "National Capital op"]
[Site "Ottawa CAN"]
[Date "2006.10.22"]
[Round "4"]
[White "Forget, David"]
[Black "Pacey, Kevin"]
[Result "1-0"]
[WhiteElo "1817"]
[BlackElo "2137"]
[PlyCount "53"]
[EventDate "2006.10.21"]
[EventType "swiss"]
[EventRounds "5"]
[EventCountry "CAN"]

1. d4 e6 2. c4 d5 3. Nc3 Nf6 4. cxd5 exd5 5. Bg5 c6 6. e3 Be7 7. Bd3 Nbd7 8.
Nge2 Nh5 9. Bxe7 Qxe7 10. O-O g6 11. Rb1 a5 12. a3 O-O 13. b4 axb4 14. axb4 f5
15. b5 Qd6 16. bxc6 bxc6 17. Ng3 Nxg3 18. hxg3 h5 19. Na4 Nf6 20. Nb6 Ra7 21.
Nxc8 Rxc8 22. Rb6 Rh7 23. Qf3 Qc7 24. Rfb1 h4 25. Ba6 Ra8 26. Qf4 hxg3 27. Rb8+
1-0

[Event "National Capital op"]
[Site "Ottawa CAN"]
[Date "2006.10.22"]
[Round "5"]
[White "Pacey, Kevin"]
[Black "Qin, Zi Yi (Joey)"]
[Result "1-0"]
[WhiteElo "2137"]
[BlackElo "1777"]
[PlyCount "65"]
[EventDate "2006.10.21"]
[EventType "swiss"]
[EventRounds "5"]
[EventCountry "CAN"]

1. d4 Nf6 2. c4 e6 3. Nf3 b6 4. g3 Bb7 5. Bg2 Be7 6. O-O O-O 7. d5 exd5 8. Nh4
d6 9. Nf5 Nbd7 10. cxd5 Re8 11. Nxe7+ Qxe7 12. Nc3 h6 13. b4 a5 14. b5 Nc5 15.
Bb2 Nce4 16. Nxe4 Nxe4 17. Qd4 Nf6 18. Rac1 Rac8 19. e4 Qe5 20. Qxe5 dxe5 21.
Bh3 Rcd8 22. Rxc7 Ba8 23. f3 Nh7 24. Rfc1 Ng5 25. Bg2 f5 26. Ra7 fxe4 27. fxe4
Rd6 28. Rcc7 Rg6 29. h4 Nh7 30. Bxe5 Rxe5 31. Rxa8+ Nf8 32. Rcc8 Rf6 33. d6 1-0

[Event "Nez rouge A"]
[Site "Gatineau CAN"]
[Date "2006.11.21"]
[Round "1"]
[White "Arsenault, Michel"]
[Black "Guimond, Michel"]
[Result "1-0"]
[WhiteElo "2030"]
[BlackElo "1811"]
[PlyCount "65"]
[EventDate "2006.11.21"]
[EventType "swiss"]
[EventRounds "5"]
[EventCountry "CAN"]

1. c4 e5 2. g3 g6 3. Bg2 Bg7 4. Nc3 d6 5. e3 Nf6 6. Nge2 O-O 7. O-O c6 8. d4
Bd7 9. b3 Qc8 10. Ba3 exd4 11. Nxd4 Rd8 12. Rc1 Bh3 13. Nde2 Bxg2 14. Kxg2 c5
15. Nf4 a6 16. Nfd5 Nxd5 17. Nxd5 Kh8 18. Qd2 Nd7 19. Bb2 f6 20. Rcd1 Qc6 21.
Kg1 Ne5 22. f4 Nd7 23. h4 b5 24. h5 Re8 25. hxg6 hxg6 26. Qd3 Kh7 27. Rf2 Re6
28. f5 Ne5 29. Qc2 Ree8 30. fxg6+ Kg8 31. Qf5 Qc8 32. Qh5 Qg4 33. Nxf6+ 1-0

[Event "Nez rouge A"]
[Site "Gatineau CAN"]
[Date "2006.11.21"]
[Round "1"]
[White "Brousseau, Yvan"]
[Black "Dallaire, Dominic"]
[Result "0-1"]
[WhiteElo "2074"]
[BlackElo "1844"]
[PlyCount "84"]
[EventDate "2006.11.21"]
[EventType "swiss"]
[EventRounds "5"]
[EventCountry "CAN"]

1. b3 Nf6 2. Bb2 g6 3. g3 Bg7 4. Bg2 O-O 5. Nf3 d6 6. d4 c5 7. O-O cxd4 8. Nxd4
a6 9. e4 e5 10. Ne2 Nc6 11. c4 Bg4 12. h3 Be6 13. Nbc3 Ne8 14. Qd2 f5 15. Rad1
Rc8 16. f4 Nd4 17. Nxd4 exd4 18. Nd5 fxe4 19. Bxd4 Bxd5 20. cxd5 Nf6 21. f5 Nh5
22. Bxg7 Kxg7 23. Qd4+ Qf6 24. Qe3 Rc3 25. Qd2 e3 26. Qe1 e2 27. Qxe2 Nxg3 28.
Qd2 Nxf1 29. Rxf1 gxf5 30. Rxf5 Qxf5 31. Qxc3+ Qf6 32. Qc2 Re8 33. Qd1 Qf4 34.
a4 Qg3 35. Kf1 Qe3 36. Bf3 Rf8 37. Kg2 Kh6 38. b4 Kg5 39. Kg3 Rxf3+ 40. Qxf3
Qg1+ 41. Qg2 Qxg2+ 42. Kxg2 Kf4 0-1

[Event "Nez rouge A"]
[Site "Gatineau CAN"]
[Date "2006.11.21"]
[Round "1"]
[White "Cossette, Daniel"]
[Black "Chartrand, Jean Bruno"]
[Result "1-0"]
[WhiteElo "2118"]
[BlackElo "1824"]
[PlyCount "45"]
[EventDate "2006.11.21"]
[EventType "swiss"]
[EventRounds "5"]
[EventCountry "CAN"]

1. e4 Nf6 2. Nc3 e5 3. Nge2 Nc6 4. g3 Bc5 5. Bg2 O-O 6. O-O d6 7. Na4 Bb6 8.
Nxb6 axb6 9. d4 h6 10. h3 Re8 11. d5 Ne7 12. f4 Ng6 13. f5 Nf8 14. g4 Bd7 15.
b3 b5 16. Be3 c5 17. Ng3 N6h7 18. Nh5 g6 19. fxg6 fxg6 20. Qf3 Bf5 21. Ng3 Be6
22. dxe6 Rxe6 23. Qf7+ 1-0